书目信息 |
| 题名: |
GB/T24001-2004环境管理体系内审员培训教程
|
|
| 作者: | 李在卿 编著 | |
| 分册: | ||
| 出版信息: | 北京 中国环境科学出版社 2005.08 |
|
| 页数: | 169页 | |
| 开本: | 26cm | |
| 丛书名: | 最新管理体系内审员系列培训教材 | |
| 单 册: | ||
| 中图分类: | X32 | |
| 科图分类: | ||
| 主题词: | 环境管理--huan jing guan li--国家标准--技术培训--中国--教材 | |
| 电子资源: | ||
| ISBN: | 7-80209-131-4 | |
| 000 | 00985nam 2200241 450 | |
| 001 | 012006775015 | |
| 005 | 20070528162633.43 | |
| 010 | @a7-80209-131-4@dCNY40.00 | |
| 100 | @a20061229d2005 km y0chiy0120 ea | |
| 101 | 0 | @achi |
| 102 | @aCN@b110000 | |
| 105 | @aa z 000yy | |
| 200 | 1 | @aGB/T24001-2004环境管理体系内审员培训教程@AGB/T24001-2004 huan jing guan li ti xi nei shen yuan pei xun jiao cheng@f李在卿编著@Fli zai qing bian zhu |
| 210 | @a北京@c中国环境科学出版社@d2005.08 | |
| 215 | @a169页@c图@d26cm | |
| 225 | 2 | @a最新管理体系内审员系列培训教材@Azui xin guan li ti xi nei shen yuan xi lie pei xun jiao cai |
| 330 | @a本书以案例教学为特色,通过大量实例讲解了环境管理体系的标准条款理解及审核技能技巧,全书分为3篇6章2个附录。 | |
| 410 | 0 | @12001 @a最新管理体系内审员系列培训教材 |
| 606 | 0 | @a环境管理@Ahuan jing guan li@x国家标准@x技术培训@y中国@j教材 |
| 690 | @aX32@v4 | |
| 701 | 0 | @a李在卿@Ali zai qing@4编著 |
| 801 | 0 | @aCN@c20070528 |
| 905 | @b234215@dX32@eL335 | |
| GB/T24001-2004环境管理体系内审员培训教程/李在卿编著.-北京:中国环境科学出版社,2005.08 |
| 169页:图;26cm.-(最新管理体系内审员系列培训教材) |
| ISBN 7-80209-131-4:CNY40.00 |
| 本书以案例教学为特色,通过大量实例讲解了环境管理体系的标准条款理解及审核技能技巧,全书分为3篇6章2个附录。 |
| ● |
| 相关链接 |
|
|
|
正题名:GB/T24001-2004环境管理体系内审员培训教程
索取号:X32/L335
 
预约/预借
| 序号 | 登录号 | 条形码 | 馆藏地/架位号 | 状态 | 备注 |
| 1 | 234215 | 202342152 | 自科库501/501自科库 65排6列1层/ [索取号:X32/L335] | 在馆 |